00906 2200325 4500001002100000005001500021035002000036007000300056040001700059100002300076245007900099250001000178300003400188504002800222020002200250041000800272082001000280084001600290090002600306264003000332336002100362337003000383338002300413650002000436700002700456850001000483008004100493990002300534990002300557INLIS00000000000947320260420094954 a0010-1222000078ta aSBPUPADbind0 aBudi A:ePengarang1 aPenuntun Praktis Budidaya Ikan Hias Air Tawar /cBudi A:Editor:Tim Ricardo aCet.1 aiii 54 hlm. :bilus. ;c15 cm abibiliografi, hlm 53-54 a978-979-1437-95-00 aind a639.3 a639.3 BUD p a639.3 BUD p L 19 R 10 aJakarta :bRicardo,c2008 2rdacontentateks 2rdamediaatanpa perantara 2rdacarrieravolume 4aTeknik Terampil aTim RicardoePengarang aPUPAD260420 0  a8971/H/KAPD-PDG/09 a8967/H/KAPD-PDG/09